Statistics for 100 Biggest Cities in South Africa

Click here to take the quiz!

General Stats

  • This quiz has been taken 554 times
  • The average score is 18 of 100

Answer Stats

RankPopulationCity% Correct
13,433,000Cape Town
99%
32,026,000Johannesburg
98%
51,619,000Pretoria
97%
23,120,000Durban
92%
12463,000Bloemfontein
88%
6968,000Port Elizabeth
85%
10479,000East London
64%
41,695,000Soweto
56%
7751,000Pietermaritzburg
41%
37142,000Kimberley
40%
30175,000George
37%
45124,000Polokwane
35%
26190,000Paarl
33%
5794,000Stellenbosch
31%
49110,000Nelspruit
29%
14432,000Welkom
29%
15405,000Newcastle
28%
11475,000Vereeniging
25%
8163,000Knysna
24%
7371,000Upington
23%
8605,000Benoni
21%
44124,000Rustenburg
21%
35150,000Mossel Bay
19%
46124,000Potchefstroom
19%
21253,000Richards Bay
19%
23233,000Centurion
17%
52104,000Kroonstad
17%
16379,000Krugersdorp
16%
43128,000Worcester
16%
6684,000Bethlehem
15%
13445,000Boksburg
15%
29179,000Klerksdorp
15%
51105,000Queenstown
15%
9645,000Beaufort West
14%
22247,000Vanderbijlpark
14%
6092,000Grahamstown
13%
31173,000Midrand
13%
6779,000Mthatha
13%
20262,000Witbank
13%
7077,000Oudtshoorn
12%
6877,000Sasolburg
12%
27186,000Springs
12%
34150,000Vryheid
12%
19305,000Brakpan
11%
6287,000Louis Trichardt
11%
9053,000Port Shepstone
11%
25225,000Roodepoort
11%
24229,000Uitenhage
11%
9150,000Vryburg
11%
18310,000Botshabelo
10%
28182,000Carletonville
10%
6384,000Dundee
10%
7966,000Lichtenburg
10%
54101,000Mokopane
10%
7471,000Parys
10%
9512,000Tembisa
10%
48122,000Brits
9%
39141,000Nigel
9%
36146,000Orkney
9%
50109,000Phalaborwa
9%
42134,000Randfontein
9%
7174,000Standerton
9%
9744,000Aliwal North
8%
53102,000Bethal
8%
8263,000Graaff-Reinet
8%
41137,000Bhisho
7%
47123,000Virginia
7%
5992,000Delmas
6%
8064,000Heidelberg
6%
40140,000Mpumalanga
6%
7768,000Saldanha
6%
8560,000Stanger
6%
9844,000Thohoyandou
6%
32157,000Westonaria
6%
8460,000Atlantis
5%
7868,000Barberton
5%
8658,000Fort Beaufort
5%
6484,000Piet Retief
5%
7570,000Schweizer-Reneke
5%
6190,000Warmbaths
5%
38142,000eMbalenhle
4%
33155,000Middleburg
4%
6584,000Phuthaditjhaba
4%
7272,000Bothaville
3%
17350,000Diepsloot
3%
5597,000Mabopane
3%
6977,000Mmabatho
3%
9249,000Wolmaransstad
3%
9446,000Balfour
2%
8362,000Fochville
2%
7669,000Ga-Rankuwa
2%
8855,000Heilbron
2%
5695,000Kutloanong
2%
5893,000Stilfontein
2%
8955,000Viljoenskroon
2%
9943,000Volksrust
2%
10043,000Wesselsbron
2%
9349,000eSikhawini
1%
8758,000Kraaifontein
1%
9545,000Mondlo
1%

Score Distribution

Percentile by Number Answered

Percent of People with Each Score

Your Score History

You have not taken this quiz